[Event "Riga Tech Rapid op"]
[Site "Riga LAT"]
[Date "2021.08.08"]
[Round "5.8"]
[White "Sethuraman, S."]
[Black "Plotkin, Mark"]
[Result "1-0"]
[WhiteElo "2644"]
[BlackElo "2430"]
[PlyCount "87"]
[EventDate "2021.08.08"]
[EventType "swiss (rapid)"]
[EventRounds "9"]
[EventCountry "LAT"]
[Source "Mark Crowther"]
[SourceDate "2021.08.10"]

1. e4 e5 2. Nf3 Nc6 3. Bb5 a6 4. Ba4 Nf6 5. O-O Be7 6. d3 d6 7. c3 O-O 8. Re1
Re8 9. Nbd2 b5 10. Bc2 Bf8 11. d4 g6 12. h3 Bg7 13. Nf1 Bb7 14. Ng3 h6 15. a4
exd4 16. cxd4 Nb4 17. Bb1 c5 18. Bd2 Qd7 19. Qc1 Rac8 20. d5 h5 21. Bc3 bxa4
22. Nh4 Nh7 23. Nhf5 gxf5 24. Nxf5 Be5 25. Qh6 f6 26. Re3 Kh8 27. Rg3 Rg8 28.
Rxg8+ Rxg8 29. f4 Bxc3 30. bxc3 Nxd5 31. exd5 Bxd5 32. Nh4 Qe7 33. Ng6+ Rxg6
34. Bxg6 Bg8 35. Kh2 d5 36. Rxa4 Qd6 37. Qxh5 d4 38. Qf3 Bb3 39. Ra3 Bd5 40.
Qg3 Bc4 41. cxd4 cxd4 42. Ra4 Bb5 43. Qh4 Qe7 44. Rxd4 1-0

[Event "Riga Tech Rapid op"]
[Site "Riga LAT"]
[Date "2021.08.08"]
[Round "6.26"]
[White "Plotkin, Mark"]
[Black "Savicevs, Arsenijs"]
[Result "1-0"]
[WhiteElo "2430"]
[BlackElo "1689"]
[PlyCount "159"]
[EventDate "2021.08.08"]
[EventType "swiss (rapid)"]
[EventRounds "9"]
[EventCountry "LAT"]
[Source "Mark Crowther"]
[SourceDate "2021.08.10"]

1. e4 c5 2. Nf3 e6 3. c3 Nf6 4. e5 Nd5 5. d4 cxd4 6. cxd4 d6 7. Bd3 Nc6 8. O-O
dxe5 9. Nxe5 Nxe5 10. dxe5 Be7 11. Qe2 O-O 12. Qe4 f5 13. exf6 Nxf6 14. Qe2 Bd7
15. Nc3 Rc8 16. Bf4 Nd5 17. Nxd5 exd5 18. Be3 Bf5 19. Rfd1 Bxd3 20. Qxd3 Bc5
21. Qb3 Bxe3 22. fxe3 Kh8 23. Rxd5 Qf6 24. Rd2 Rc6 25. Qxb7 Rb6 26. Qxa7 Rxb2
27. Rxb2 Qxb2 28. Rf1 Rxf1+ 29. Kxf1 Qc1+ 30. Kf2 Qd2+ 31. Kf3 h5 32. Qa8+ Kh7
33. Qe4+ Kh6 34. Qf4+ Kh7 35. a4 Qd1+ 36. Kg3 Qe1+ 37. Kh3 Qa5 38. Kh4 g6 39.
Kh3 Qa7 40. Qd4 Qa5 41. e4 Qg5 42. Qd1 Qf4 43. Qf3 Qc7 44. g3 Qd7+ 45. Kg2 Qxa4
46. Qf7+ Kh6 47. Qf4+ Kg7 48. e5 Qc2+ 49. Kh3 Qc8+ 50. g4 hxg4+ 51. Kh4 Qe6 52.
Kg5 Qe7+ 53. Kxg4 Kh7 54. Qd4 Qe6+ 55. Kg3 Kg7 56. Qd6 Qb3+ 57. Kf4 Qc4+ 58.
Ke3 Qc1+ 59. Kd4 Qd2+ 60. Kc5 Qxh2 61. Qf6+ Kg8 62. Qxg6+ Kf8 63. Qd6+ Ke8 64.
Qb8+ Ke7 65. Qc7+ Ke8 66. Qc6+ Ke7 67. Qf6+ Ke8 68. Qf5 Qh6 69. Qc8+ Ke7 70.
Qc7+ Ke8 71. Qd6 Qc1+ 72. Kd5 Qd2+ 73. Kc6 Qc3+ 74. Kb5 Qb3+ 75. Kc5 Qc3+ 76.
Kd5 Qb3+ 77. Ke4 Qc2+ 78. Kf4 Qh7 79. Qb8+ Kf7 80. Qa7+ 1-0

[Event "Riga Tech Rapid op"]
[Site "Riga LAT"]
[Date "2021.08.08"]
[Round "7.20"]
[White "Greicius, Pijus"]
[Black "Plotkin, Mark"]
[Result "1/2-1/2"]
[WhiteElo "1902"]
[BlackElo "2430"]
[PlyCount "76"]
[EventDate "2021.08.08"]
[EventType "swiss (rapid)"]
[EventRounds "9"]
[EventCountry "LAT"]
[Source "Mark Crowther"]
[SourceDate "2021.08.10"]

1. d4 d5 2. c4 e6 3. Nc3 a6 4. cxd5 exd5 5. Nf3 Nf6 6. Bg5 Be6 7. e3 Be7 8. Bd3
Nbd7 9. O-O O-O 10. Rc1 Re8 11. Qc2 h6 12. Bh4 c5 13. dxc5 Nxc5 14. Bf5 Nfe4
15. Bxe7 Qxe7 16. Bxe4 dxe4 17. Nxe4 Nxe4 18. Qxe4 Bxa2 19. Qf4 Rac8 20. Nd4
Be6 21. h4 Red8 22. Qe4 Qd7 23. Rfd1 Qd5 24. Qf4 b5 25. Ra1 Ra8 26. Rdc1 a5 27.
Rc7 Rd7 28. Rac1 Rxc7 29. Rxc7 b4 30. Re7 Qd8 31. Rc7 Qf6 32. Qe4 Rd8 33. Ra7
Bd5 34. Qg4 Be6 35. Qe4 Bd5 36. Qg4 Be6 37. Qe4 Bd5 38. Qg4 Be6 1/2-1/2

[Event "Riga Tech Rapid op"]
[Site "Riga LAT"]
[Date "2021.08.08"]
[Round "8.18"]
[White "Plotkin, Mark"]
[Black "Petkov, Momchil"]
[Result "1-0"]
[WhiteElo "2430"]
[BlackElo "2443"]
[PlyCount "189"]
[EventDate "2021.08.08"]
[EventType "swiss (rapid)"]
[EventRounds "9"]
[EventCountry "LAT"]
[Source "Mark Crowther"]
[SourceDate "2021.08.10"]

1. c4 c6 2. Nc3 d5 3. d4 Nf6 4. Nf3 e6 5. Bg5 h6 6. Bxf6 Qxf6 7. e3 Nd7 8. Bd3
dxc4 9. Bxc4 g6 10. O-O Bg7 11. Qe2 O-O 12. Rfd1 b5 13. Bb3 a6 14. Rac1 Bb7 15.
Ne4 Qe7 16. h4 Rfc8 17. h5 g5 18. Nc5 Nxc5 19. Rxc5 Bf8 20. Rdc1 Qf6 21. R5c3
Bb4 22. R3c2 Bd6 23. Nd2 Qf5 24. g4 Qh7 25. a4 Rc7 26. Ba2 Rac8 27. Bb1 Qg7 28.
Ne4 Be7 29. axb5 axb5 30. Nc5 Ba8 31. Nd3 Bd6 32. Nc5 Ra7 33. b4 Rcc7 34. Qd3
Ra1 35. Qb3 Kh8 36. Ra2 Ra7 37. Rxa7 Rxa7 38. Rc2 Bxc5 39. bxc5 Bb7 40. Ra2
Rxa2 41. Qxa2 Qf6 42. Be4 Qd8 43. Bb1 Qf6 44. Kg2 Kg7 45. Qa7 Qe7 46. Qb8 Qd7
47. Qe5+ f6 48. Qe4 Qd5 49. Qxd5 exd5 50. Kf1 Kf7 51. Ke2 Bc8 52. f3 Ke7 53.
Kd2 Ba6 54. Bd3 Kd7 55. Kc2 Kc7 56. Kb3 Bc8 57. Kb4 Be6 58. Ka5 Bd7 59. Bc2 Bc8
60. Kb4 Be6 61. Kc3 Kb7 62. Bd3 Kc7 63. Kd2 Kb7 64. Ke1 Ka6 65. Kd2 Ka5 66. Bf5
Bxf5 67. gxf5 Ka4 68. e4 dxe4 69. fxe4 g4 70. e5 g3 71. Ke2 g2 72. Kf2 b4 73.
exf6 b3 74. f7 b2 75. f8=Q g1=Q+ 76. Kxg1 b1=Q+ 77. Kf2 Qc2+ 78. Ke3 Qc3+ 79.
Ke4 Qe1+ 80. Kf4 Qf2+ 81. Ke5 Qe3+ 82. Kd6 Qe4 83. Qa8+ Kb5 84. Qb7+ Kc4 85.
Qa6+ Kc3 86. Qxc6 Qxd4+ 87. Ke6 Qe3+ 88. Kf7 Qh3 89. Qg6 Kd4 90. c6 Qh2 91. f6
Qc7+ 92. Kg8 Qd8+ 93. Kh7 Ke5 94. f7 Qe7 95. Qg7+ 1-0

[Event "Riga Tech Rapid op"]
[Site "Riga LAT"]
[Date "2021.08.08"]
[Round "9.13"]
[White "Samunenkov, Ihor"]
[Black "Plotkin, Mark"]
[Result "1/2-1/2"]
[WhiteElo "2288"]
[BlackElo "2430"]
[PlyCount "93"]
[EventDate "2021.08.08"]
[EventType "swiss (rapid)"]
[EventRounds "9"]
[EventCountry "LAT"]
[Source "Mark Crowther"]
[SourceDate "2021.08.10"]

1. d4 Nf6 2. g3 e6 3. Bg2 d5 4. Nf3 Be7 5. c4 O-O 6. O-O b6 7. cxd5 exd5 8. Nc3
Bb7 9. Bf4 a6 10. Rc1 Nbd7 11. Ne5 Rc8 12. Qb3 c6 13. Nxd7 Nxd7 14. Rfd1 b5 15.
e4 dxe4 16. Nxe4 Nf6 17. Nc5 Qb6 18. Re1 Rfe8 19. Be5 Nd5 20. h4 Rcd8 21. h5
Bc8 22. h6 g6 23. Bxd5 cxd5 24. Qf3 g5 25. Nd3 Qxh6 26. Bc7 g4 27. Qh1 Qxh1+
28. Kxh1 Rd7 29. Ne5 Bb4 30. Red1 Rde7 31. a3 Rxc7 32. Rxc7 Bd6 33. Rcc1 Bf5
34. Re1 Re6 35. Kg1 b4 36. Nc6 Be4 37. Nxb4 Bxb4 38. axb4 Rh6 39. Rxe4 dxe4 40.
Rc5 Rb6 41. Rg5+ Rg6 42. Re5 Rb6 43. Rxe4 Rxb4 44. Rxg4+ Kf8 45. Re4 Rxb2 46.
d5 Rd2 47. Ra4 1/2-1/2

[Event "Charlotte Summer GM-B"]
[Site "Charlotte USA"]
[Date "2021.07.28"]
[Round "1.1"]
[White "Plotkin, Mark"]
[Black "Liang, Jason"]
[Result "1-0"]
[WhiteElo "2430"]
[BlackElo "2352"]
[PlyCount "63"]
[EventDate "2021.07.28"]
[EventType "tourn"]
[EventRounds "9"]
[EventCountry "USA"]
[EventCategory "8"]
[Source "ChessMix"]
[SourceDate "2021.08.10"]

1. d4 d5 2. c4 e6 3. Nc3 a6 4. cxd5 exd5 5. g3 c6 6. Nh3 Nf6 7. Bg2 Be7 8. O-O
O-O 9. Nf4 Re8 10. Kh1 Nbd7 11. f3 Nf8 12. e4 b5 13. e5 N6d7 14. Nd3 Ne6 15.
Be3 c5 16. dxc5 d4 17. f4 Ra7 18. f5 dxe3 19. fxe6 fxe6 20. b4 Qc7 21. Qf3 Nxe5
22. Nxe5 Bf6 23. Qh5 g6 24. Nxg6 Bxc3 25. Rac1 Bd2 26. Ne5 Re7 27. Be4 Bb7 28.
c6 Qd6 29. Bxh7+ Rxh7 30. Qe8+ Kg7 31. Qf7+ Kh8 32. Ng6# 1-0

[Event "Charlotte Summer GM-B"]
[Site "Charlotte USA"]
[Date "2021.07.29"]
[Round "2.5"]
[White "Plotkin, Mark"]
[Black "Ostrovskiy, Aleksandr A"]
[Result "1/2-1/2"]
[WhiteElo "2430"]
[BlackElo "2401"]
[PlyCount "114"]
[EventDate "2021.07.28"]
[EventType "tourn"]
[EventRounds "9"]
[EventCountry "USA"]
[EventCategory "8"]
[Source "ChessMix"]
[SourceDate "2021.08.10"]

1. e4 e6 2. d4 d5 3. Nc3 dxe4 4. Nxe4 Bd7 5. Nf3 Bc6 6. Bd3 Nd7 7. c4 Ngf6 8.
Nc3 Bd6 9. O-O Bxf3 10. Qxf3 c6 11. Re1 O-O 12. c5 Be7 13. b4 Nd5 14. Nxd5 exd5
15. Bf4 Bf6 16. Bd6 Re8 17. Kf1 Rxe1+ 18. Rxe1 g6 19. Qf4 Bg5 20. Qg4 Nf8 21.
f4 Bf6 22. f5 Qd7 23. Qf4 g5 24. Qg3 h6 25. h4 Nh7 26. hxg5 Nxg5 27. Be5 Qe7
28. b5 Bxe5 29. Rxe5 Qf6 30. a4 Kg7 31. Qf4 Rd8 32. Re3 Rd7 33. Ke2 Rd8 34. Kd2
Ne4+ 35. Bxe4 dxe4 36. Rxe4 Rd5 37. Re5 Rd8 38. g3 Kh7 39. Kc3 Kg7 40. Kc4 Kh7
41. g4 b6 42. Qe4 cxb5+ 43. axb5 bxc5 44. dxc5 Rd1 45. Qe3 a6 46. b6 Qc6 47.
Qb3 Qd7 48. Qc2 Qd4+ 49. Kb3 Rd3+ 50. Ka2 Rd2 51. Re2 Rxc2+ 52. Rxc2 Qa4+ 53.
Kb1 Qb4+ 54. Rb2 Qe4+ 55. Ka2 Qa4+ 56. Kb1 Qd1+ 57. Ka2 Qa4+ 1/2-1/2

[Event "Charlotte Summer GM-B"]
[Site "Charlotte USA"]
[Date "2021.07.29"]
[Round "3.2"]
[White "Ali Marandi, Cemil Can"]
[Black "Plotkin, Mark"]
[Result "1-0"]
[WhiteElo "2543"]
[BlackElo "2430"]
[PlyCount "75"]
[EventDate "2021.07.28"]
[EventType "tourn"]
[EventRounds "9"]
[EventCountry "USA"]
[EventCategory "8"]
[Source "ChessMix"]
[SourceDate "2021.08.10"]

1. e4 e5 2. Nf3 Nc6 3. Bb5 a6 4. Ba4 Nf6 5. O-O Be7 6. Re1 b5 7. Bb3 O-O 8. a4
Rb8 9. axb5 axb5 10. d4 Nxd4 11. Nxd4 exd4 12. e5 Ne8 13. c3 c5 14. cxd4 c4 15.
Bc2 d5 16. Nd2 f5 17. exf6 Nxf6 18. h3 Bb7 19. Nf1 Ne4 20. f3 Nd6 21. Ne3 Bh4
22. Re2 Qb6 23. Ng4 Nf5 24. Bxf5 Rxf5 25. Be3 Rff8 26. Ne5 Bc8 27. Bf2 Bxf2+
28. Rxf2 Bf5 29. g4 Be6 30. f4 Ra8 31. Rxa8 Rxa8 32. f5 Bf7 33. g5 b4 34. Qg4
Ra7 35. g6 Be8 36. gxh7+ Kxh7 37. f6 gxf6 38. Rg2 1-0

[Event "Charlotte Summer GM-B"]
[Site "Charlotte USA"]
[Date "2021.07.30"]
[Round "4.4"]
[White "Plotkin, Mark"]
[Black "Wang, Tianqi"]
[Result "0-1"]
[WhiteElo "2430"]
[BlackElo "2336"]
[PlyCount "82"]
[EventDate "2021.07.28"]
[EventType "tourn"]
[EventRounds "9"]
[EventCountry "USA"]
[EventCategory "8"]
[Source "ChessMix"]
[SourceDate "2021.08.10"]

1. d4 Nf6 2. Nf3 g6 3. Bf4 Bg7 4. e3 d6 5. h3 O-O 6. Be2 Re8 7. O-O Nc6 8. c3
Ne4 9. a4 e5 10. Bh2 f5 11. a5 a6 12. Nbd2 Nxd2 13. Qxd2 Qe7 14. b4 Nd8 15. c4
Nf7 16. c5 g5 17. Bc4 Be6 18. Rfc1 Bxc4 19. Rxc4 d5 20. Rc3 e4 21. Ne1 c6 22.
Nc2 Qf6 23. b5 axb5 24. Rca3 Bh6 25. a6 bxa6 26. Rxa6 Rxa6 27. Rxa6 f4 28. Nb4
Re6 29. Qd1 f3 30. g4 Bf8 31. Kh1 h5 32. Qg1 hxg4 33. Qxg4 Nh6 34. Qh5 Nf7 35.
Kg1 Bxc5 36. dxc5 Qc3 37. Kh1 Qe1+ 38. Bg1 Rh6 39. Qg4 Qf1 40. Kh2 Rh4 41. Qg3
g4 0-1

[Event "Charlotte Summer GM-B"]
[Site "Charlotte USA"]
[Date "2021.07.30"]
[Round "5.3"]
[White "Kaliksteyn, Alexander"]
[Black "Plotkin, Mark"]
[Result "1/2-1/2"]
[WhiteElo "2401"]
[BlackElo "2430"]
[PlyCount "86"]
[EventDate "2021.07.28"]
[EventType "tourn"]
[EventRounds "9"]
[EventCountry "USA"]
[EventCategory "8"]
[Source "ChessMix"]
[SourceDate "2021.08.10"]

1. d4 g6 2. e4 Bg7 3. c4 d6 4. Nc3 e5 5. Nge2 c6 6. Be3 Qe7 7. Qd2 Nf6 8. f3
O-O 9. d5 a6 10. O-O-O b5 11. dxc6 Nxc6 12. Qxd6 Qxd6 13. Rxd6 Na5 14. Ng3 Nxc4
15. Bxc4 bxc4 16. Rhd1 Re8 17. Na4 Be6 18. Ne2 Bf8 19. R6d2 Rac8 20. Nec3 Nh5
21. Nb6 Rc6 22. Nd7 Bg7 23. Nc5 Nf4 24. g3 Nd3+ 25. Nxd3 cxd3 26. Kb1 Bc4 27.
b3 Bxb3 28. axb3 Rxc3 29. Rxd3 Rcc8 30. Rc1 Bf8 31. Rxc8 Rxc8 32. Kb2 Bb4 33.
Bd2 a5 34. Bc3 f6 35. f4 Bxc3+ 36. Rxc3 Rxc3 37. Kxc3 exf4 38. gxf4 h5 39. Kc4
Kf7 40. Kb5 h4 41. Kxa5 g5 42. fxg5 fxg5 43. b4 g4 1/2-1/2

[Event "Charlotte Summer GM-B"]
[Site "Charlotte USA"]
[Date "2021.07.31"]
[Round "6.3"]
[White "Plotkin, Mark"]
[Black "Ringoir, Tanguy"]
[Result "0-1"]
[WhiteElo "2430"]
[BlackElo "2474"]
[PlyCount "80"]
[EventDate "2021.07.28"]
[EventType "tourn"]
[EventRounds "9"]
[EventCountry "USA"]
[EventCategory "8"]
[Source "ChessMix"]
[SourceDate "2021.08.10"]

1. c4 c5 2. Nc3 Nc6 3. g3 g6 4. Bg2 Bg7 5. d3 d6 6. f4 e5 7. Nf3 Nge7 8. O-O
O-O 9. e4 Nd4 10. Be3 h6 11. Qd2 Kh7 12. Rae1 Bg4 13. Nh4 exf4 14. Rxf4 Qd7 15.
Ref1 Be6 16. R4f2 Nec6 17. Nf5 gxf5 18. exf5 Bxf5 19. Rxf5 Nxf5 20. Be4 Nce7
21. g4 Rg8 22. Rxf5 Nxf5 23. Qf2 Kh8 24. Bxf5 Qe7 25. Nd5 Qe5 26. d4 Qxd4 27.
Bxd4 Bxd4 28. Ne3 Rae8 29. Kg2 Rxe3 30. Qf4 Kg7 31. Bd7 Re2+ 32. Kh1 Be5 33.
Qf5 Rxh2+ 34. Kg1 Rxb2 35. Kf1 Rxa2 36. g5 h5 37. Qf3 Rb2 38. Bf5 Re8 39. Be4
Bd4 40. Qxh5 Rf2+ 0-1

[Event "Charlotte Summer GM-B"]
[Site "Charlotte USA"]
[Date "2021.07.31"]
[Round "7.4"]
[White "Corrales Jimenez, Fidel"]
[Black "Plotkin, Mark"]
[Result "1/2-1/2"]
[WhiteElo "2532"]
[BlackElo "2430"]
[PlyCount "161"]
[EventDate "2021.07.28"]
[EventType "tourn"]
[EventRounds "9"]
[EventCountry "USA"]
[EventCategory "8"]
[Source "ChessMix"]
[SourceDate "2021.08.10"]

1. e4 e5 2. Nf3 Nc6 3. d4 exd4 4. Nxd4 Nf6 5. Nxc6 bxc6 6. e5 Qe7 7. Qe2 Nd5 8.
c4 Ba6 9. b3 g6 10. Bb2 Bg7 11. Nd2 O-O 12. O-O-O Rae8 13. Nf3 Nb6 14. Qd2 c5
15. Bd3 Bb7 16. Rhe1 Bxf3 17. gxf3 d6 18. f4 Qh4 19. Kb1 Re7 20. Be4 dxe5 21.
f5 Rd7 22. Qe3 Rxd1+ 23. Rxd1 Rd8 24. Rxd8+ Qxd8 25. a4 Qd6 26. Bc2 Bf6 27. Qe4
c6 28. h4 Nd7 29. f3 Kf8 30. Qe1 e4 31. Bxf6 Nxf6 32. fxe4 Qe5 33. Qe3 Ke7 34.
Qf3 Kd7 35. fxg6 fxg6 36. Qe3 Kc7 37. Qd3 h6 38. Qe3 g5 39. hxg5 hxg5 40. b4 g4
41. b5 g3 42. Qh6 cxb5 43. cxb5 Kb6 44. Qd2 Qd4 45. Qg5 Qf2 46. a5+ Kxb5 47.
Qe5 Qe1+ 48. Kb2 Qb4+ 49. Kc1 Qa3+ 50. Kd2 Qxa5+ 51. Kd1 Qd8+ 52. Ke2 g2 53.
Qg5 Qd4 54. Qxg2 Kb4 55. Qg3 c4 56. Qe1+ Qc3 57. Qb1+ Ka5 58. Qa2+ Kb6 59. Qb1+
Kc7 60. Ba4 a6 61. Bc2 Ng4 62. Qc1 Ne5 63. Qd2 Qf3+ 64. Ke1 Qh1+ 65. Ke2 Qg2+
66. Kd1 Qf1+ 67. Qe1 Qxe1+ 68. Kxe1 Kd6 69. Kd2 Kc5 70. Kc3 Nf3 71. Bd1 Nd4 72.
e5 Nb5+ 73. Kd2 Nd4 74. Kc3 a5 75. e6 Nb5+ 76. Kd2 c3+ 77. Kd3 Kb4 78. e7 Nc7
79. Bc2 Ne8 80. Bd1 Nf6 81. Bc2 1/2-1/2

[Event "Charlotte Summer GM-B"]
[Site "Charlotte USA"]
[Date "2021.08.01"]
[Round "8.2"]
[White "Plotkin, Mark"]
[Black "Guo, Arthur"]
[Result "0-1"]
[WhiteElo "2430"]
[BlackElo "2470"]
[PlyCount "73"]
[EventDate "2021.07.28"]
[EventType "tourn"]
[EventRounds "9"]
[EventCountry "USA"]
[EventCategory "8"]
[Source "ChessMix"]
[SourceDate "2021.08.10"]

1. e4 c5 2. Nf3 d6 3. d4 cxd4 4. Nxd4 Nf6 5. Nc3 a6 6. Bg5 e6 7. f4 h6 8. Bh4
Nbd7 9. Qf3 e5 10. fxe5 Nxe5 11. Qe2 Be7 12. Nf5 Bxf5 13. exf5 Rc8 14. O-O-O
Rxc3 15. bxc3 Qa5 16. Kb2 O-O 17. Qe1 Rc8 18. Bf2 Nfd7 19. Bd4 Nb6 20. Ka1 Nd5
21. Rb1 Nc6 22. Bc4 Nxd4 23. cxd4 Qxe1 24. Rhxe1 Rxc4 25. Rxb7 Bf6 26. Re8+ Kh7
27. Kb2 Bxd4+ 28. Kc1 Bc3 29. g3 Ra4 30. Kd1 Rxa2 31. Ke2 Rxc2+ 32. Kf3 Bd4 33.
g4 Nf6 34. Ree7 d5 35. Re2 Rc3+ 36. Kg2 Nxg4 37. Rxf7 0-1

[Event "Charlotte Summer GM-B"]
[Site "Charlotte USA"]
[Date "2021.08.01"]
[Round "9.5"]
[White "Korley, Kassa"]
[Black "Plotkin, Mark"]
[Result "1/2-1/2"]
[WhiteElo "2435"]
[BlackElo "2430"]
[PlyCount "75"]
[EventDate "2021.07.28"]
[EventType "tourn"]
[EventRounds "9"]
[EventCountry "USA"]
[EventCategory "8"]
[Source "ChessMix"]
[SourceDate "2021.08.10"]

1. d4 Nf6 2. c4 c6 3. Nf3 d5 4. Qb3 e6 5. Bg5 Be7 6. Nc3 O-O 7. e3 Nbd7 8. Be2
h6 9. Bh4 dxc4 10. Qxc4 Nd5 11. Bg3 N7f6 12. O-O Bd7 13. Ne5 Be8 14. Bf3 a5 15.
e4 b5 16. Qe2 Nxc3 17. bxc3 c5 18. d5 exd5 19. exd5 Bd6 20. Rad1 b4 21. Nc6 Qc7
22. Rfe1 Bxg3 23. Ne7+ Kh8 24. hxg3 Rd8 25. cxb4 axb4 26. Rc1 Rd6 27. Nf5 Rb6
28. d6 Qd8 29. Qd2 Bd7 30. Ne7 Ba4 31. Nf5 Bd7 32. Ne7 Ba4 33. Rxc5 Qxd6 34.
Qxd6 Rxd6 35. Rb1 Rd2 36. Nd5 Nd7 37. Ra5 Rxa2 38. Rxb4 1/2-1/2

[Event "Americas World Cup QGp5"]
[Site "Tornelo INT"]
[Date "2021.05.22"]
[Round "1.1"]
[White "Carcamo, Matias"]
[Black "Plotkin, Mark"]
[Result "0-1"]
[WhiteElo "2103"]
[BlackElo "2430"]
[PlyCount "68"]
[EventDate "2021.05.22"]
[EventType "k.o."]
[EventRounds "3"]
[EventCountry "NET"]
[Source "Mark Crowther"]
[SourceDate "2021.05.24"]

1. e4 e5 2. Nf3 Nc6 3. Bb5 a6 4. Ba4 g6 5. O-O Bg7 6. Nc3 Nge7 7. d3 O-O 8. Re1
d6 9. h3 h6 10. Bb3 Kh7 11. Nd5 Na5 12. Nxe7 Qxe7 13. d4 exd4 14. Nxd4 c5 15.
Qd2 Qc7 16. Nf3 c4 17. e5 dxe5 18. Nxe5 Bxe5 19. Qxh6+ Kg8 20. Qg5 Bf5 21. g4
f6 22. Qh6 Be6 23. Rxe5 fxe5 24. Qxg6+ Kh8 25. Qh6+ Qh7 26. Qxe6 Rae8 27. Qb6
cxb3 28. Qxa5 Qxh3 29. Qa4 Re7 30. Qb4 Ref7 31. Be3 Rg8 32. g5 Rh7 33. Qe4 Qh2+
34. Kf1 Qh1+ 0-1

[Event "Americas World Cup QGp5"]
[Site "Tornelo INT"]
[Date "2021.05.23"]
[Round "1.2"]
[White "Plotkin, Mark"]
[Black "Carcamo, Matias"]
[Result "1-0"]
[WhiteElo "2430"]
[BlackElo "2103"]
[PlyCount "59"]
[EventDate "2021.05.22"]
[EventType "k.o."]
[EventRounds "3"]
[EventCountry "NET"]
[Source "Mark Crowther"]
[SourceDate "2021.05.24"]

1. e4 c6 2. Nc3 d5 3. d4 dxe4 4. Nxe4 Nf6 5. Nxf6+ exf6 6. c3 Bd6 7. Bd3 Qc7 8.
Qh5 Be6 9. Be3 Nd7 10. Ne2 O-O-O 11. O-O f5 12. Qf3 Bxh2+ 13. Kh1 g6 14. Nf4
Bxf4 15. Bxf4 Qb6 16. a4 g5 17. a5 Qb3 18. Bxg5 Rdg8 19. Qe3 f4 20. Bxf4 Qd5
21. f3 Qh5+ 22. Bh2 Kd8 23. a6 b6 24. Qf4 Ke7 25. Rae1 Rg5 26. Qd6+ Kd8 27.
Qc7+ Ke7 28. f4 Rxg2 29. f5 Rhg8 30. f6+ 1-0

[Event "Americas World Cup QGp5"]
[Site "Tornelo INT"]
[Date "2021.05.24"]
[Round "2.1"]
[White "Plotkin, Mark"]
[Black "Lima, Da"]
[Result "1/2-1/2"]
[WhiteElo "2430"]
[BlackElo "2522"]
[PlyCount "100"]
[EventDate "2021.05.22"]
[EventType "k.o."]
[EventRounds "3"]
[EventCountry "NET"]
[Source "Mark Crowther"]
[SourceDate "2021.05.31"]

1. Nf3 g6 2. g3 Bg7 3. Bg2 Nf6 4. O-O O-O 5. c4 c6 6. b3 Ne4 7. d4 d5 8. Bb2
Be6 9. Nbd2 Nxd2 10. Qxd2 dxc4 11. Ng5 Qd7 12. Nxe6 Qxe6 13. d5 cxd5 14. Bxg7
Kxg7 15. Bxd5 Qa6 16. Qc3+ Kg8 17. Bxc4 Qb6 18. h4 Nd7 19. h5 Qf6 20. Qxf6 Nxf6
21. hxg6 hxg6 22. Rfd1 e6 23. Kg2 Rfd8 24. f4 Kf8 25. Kf3 Ke7 26. e4 Rxd1 27.
Rxd1 Rd8 28. Rxd8 Kxd8 29. f5 e5 30. Bxf7 g5 31. Bc4 Kc7 32. Be2 Kc6 33. b4 b5
34. Ke3 a6 35. a4 Kb6 36. Bd1 Kc6 37. Bb3 Kb6 38. Kd3 Kc6 39. Bd5+ Kb6 40. a5+
Kc7 41. Be6 Kb7 42. Ke3 Kc7 43. Kf3 Kb7 44. Bd5+ Kc7 45. Kg2 Kc8 46. Kh3 Kc7
47. Be6 Kb7 48. Bd5+ Kc7 49. Be6 Kb7 50. Bd5+ Kc7 1/2-1/2

[Event "Americas World Cup QGp5"]
[Site "Tornelo INT"]
[Date "2021.05.25"]
[Round "2.2"]
[White "Lima, Da"]
[Black "Plotkin, Mark"]
[Result "1-0"]
[WhiteElo "2522"]
[BlackElo "2430"]
[PlyCount "161"]
[EventDate "2021.05.22"]
[EventType "k.o."]
[EventRounds "3"]
[EventCountry "NET"]
[Source "Mark Crowther"]
[SourceDate "2021.05.31"]

1. d4 Nf6 2. c4 g6 3. Nc3 Bg7 4. Nf3 O-O 5. e4 d6 6. Be2 e5 7. d5 Nbd7 8. O-O
a5 9. Qc2 Nh5 10. Ne1 Nf4 11. Nd3 Nxd3 12. Bxd3 Nc5 13. Be3 Nxd3 14. Qxd3 f5
15. exf5 Bxf5 16. Ne4 Rf7 17. f3 h5 18. Qd2 Bxe4 19. fxe4 Rxf1+ 20. Rxf1 Qh4
21. Qd3 Rf8 22. Rxf8+ Bxf8 23. Bd2 b6 24. Qf3 Bg7 25. h3 Kh7 26. Qe3 Qf6 27. g3
Qf8 28. Kg2 Bh6 29. Qxh6+ Qxh6 30. Bxh6 Kxh6 31. h4 Kg7 32. Kf3 Kf7 33. Ke3 Ke7
34. Kd3 Kd7 35. Kc3 c6 36. Kb3 Kc7 37. Ka4 Kb7 38. dxc6+ Kxc6 39. b4 axb4 40.
Kxb4 Kc7 41. Kb5 Kb7 42. a3 Kc7 43. Ka6 Kc6 44. a4 Kc7 45. Ka7 Kc6 46. Kb8 Kc5
47. Kb7 Kxc4 48. Kxb6 d5 49. exd5 e4 50. d6 e3 51. d7 e2 52. d8=Q e1=Q 53. Qg8+
Kb4 54. Qxg6 Kxa4 55. Kc5 Qe5+ 56. Kc4 Qe2+ 57. Kd4 Ka5 58. Qg5+ Kb6 59. Qc5+
Kb7 60. Qe5 Qd1+ 61. Ke4 Qg4+ 62. Kd5 Qd7+ 63. Ke4 Qg4+ 64. Ke3 Kc8 65. Qg5 Qd1
66. Kf4 Kd7 67. Kf5 Ke8 68. Kg6 Kf8 69. Qh6+ Ke7 70. Qxh5 Qd6+ 71. Kh7 Qd3+ 72.
Qg6 Qf3 73. h5 Kf8 74. Qg7+ Ke8 75. g4 Kd8 76. h6 Qe4+ 77. Kh8 Qe3 78. h7 Ke8
79. g5 Qb6 80. g6 Qe6 81. Qg8+ 1-0

[Event "World Cup Americas Prelim"]
[Site "Tornelo INT"]
[Date "2021.05.08"]
[Round "2.7"]
[White "Plotkin, Mark"]
[Black "Chinchilla, Eugenio"]
[Result "1-0"]
[WhiteElo "2430"]
[BlackElo "2218"]
[PlyCount "45"]
[EventDate "2021.05.08"]
[EventType "swiss (rapid)"]
[EventRounds "9"]
[EventCountry "NET"]
[Source "Mark Crowther"]
[SourceDate "2021.05.17"]

1. e4 e6 2. d4 d5 3. Nd2 Be7 4. Ngf3 Nf6 5. Bd3 c5 6. exd5 Qxd5 7. dxc5 Bxc5 8.
O-O Nc6 9. a3 O-O 10. b4 Be7 11. Bb2 b6 12. Qe2 Bb7 13. Rad1 Rfd8 14. Ne4 Nxe4
15. Bxe4 Qh5 16. c4 Bf6 17. Bxf6 gxf6 18. Qe3 Kg7 19. Qf4 Rac8 20. b5 Na5 21.
Rxd8 Rxd8 22. Bxb7 Nxb7 23. Qc7 1-0

[Event "World Cup Americas Prelim"]
[Site "Tornelo INT"]
[Date "2021.05.08"]
[Round "3.5"]
[White "Blackman, Justin"]
[Black "Plotkin, Mark"]
[Result "1/2-1/2"]
[WhiteElo "2192"]
[BlackElo "2430"]
[PlyCount "102"]
[EventDate "2021.05.08"]
[EventType "swiss (rapid)"]
[EventRounds "9"]
[EventCountry "NET"]
[Source "Mark Crowther"]
[SourceDate "2021.05.17"]

1. d4 e6 2. c4 Nf6 3. Nc3 d5 4. cxd5 exd5 5. Bg5 Be7 6. e3 O-O 7. Bd3 c6 8. Qc2
h6 9. Bh4 Na6 10. a3 Nc7 11. Nf3 Ne6 12. O-O a5 13. Rab1 b6 14. b4 axb4 15.
axb4 c5 16. dxc5 bxc5 17. bxc5 Nxc5 18. Be2 Be6 19. Rfc1 Rc8 20. Qd1 Nce4 21.
Nxe4 dxe4 22. Nd4 Bd7 23. h3 Rxc1 24. Qxc1 Qa5 25. Nc6 Bxc6 26. Qxc6 Rd8 27.
Bf1 Qe5 28. Bg3 Qg5 29. Rb8 Rxb8 30. Bxb8 Qf5 31. Be2 h5 32. Bd6 Bxd6 33. Qxd6
g5 34. Bc4 Kg7 35. Qe7 Qg6 36. Qe5 h4 37. Bd5 g4 38. hxg4 Qxg4 39. f3 exf3 40.
Bxf3 Qg3 41. Qxg3+ hxg3 42. Kf1 Nd7 43. Ke2 f5 44. Bd5 Ne5 45. Ba8 Kf6 46. Bb7
Kg5 47. Ba8 Ng4 48. Bb7 Ne5 49. Ba8 Kf6 50. Bb7 Ke7 51. Ba8 Kf6 1/2-1/2